000 00412nam a2200169Ia 4500
008 210210b1977 xxu||||| |||| 00| 0 eng d
082 _a820.43 SINI
100 _aSINGH (Khushwant)
245 _aIndia without humbug
260 _aBombay
_bIndia Book House Pvt Ltd.,
_c1977
300 _a150
650 _awithout
650 _aIndia
650 _ahumbug
690 _aIndian English Prose
906 _a034672
999 _c85439
_d85439